[Event "Madrid ch Veteranos 2021"]
[Site "Madrid ESP"]
[Date "2021.04.14"]
[Round "7.14"]
[White "Millan Tabuenca, Agustin"]
[Black "Ghavami, Mahmoud"]
[Result "0-1"]
[WhiteElo "1136"]
[BlackElo "1552"]
[PlyCount "84"]
[EventDate "2021.04.06"]
[EventType "swiss"]
[EventRounds "7"]
[EventCountry "ESP"]
[SourceTitle "Ajedrez en Madrid"]
[Source "lmi"]
[SourceDate "2021.04.06"]
[SourceVersion "1"]
[SourceVersionDate "2021.04.18"]
[SourceQuality "1"]

1. d4 Nf6 2. Bf4 b6 3. Nf3 d6 4. e3 h6 5. Nbd2 Nh5 6. Bg3 Bb7 7. c4 Nd7 8. Bd3
e6 9. Be4 d5 10. cxd5 exd5 11. Bd3 Nxg3 12. hxg3 Bd6 13. Nh4 Qf6 14. Bf5 Nf8
15. Bg4 g6 16. Be2 O-O-O 17. Qa4 Kb8 18. Ba6 Nd7 19. Nb3 c6 20. Bxb7 Kxb7 21.
Rc1 Nb8 22. Rc3 Qe7 23. Ke2 Rd7 24. Nf3 f6 25. Rhc1 Rc8 26. Nc5+ bxc5 27. Ra3
Ka8 28. dxc5 Bxc5 29. Rac3 Bb6 30. Nd4 Bxd4 31. Qxd4 Rb7 32. R1c2 Rb4 33. Qd2
d4 34. Rc5 Rb6 35. Qxd4 Rd8 36. Qc4 Qd7 37. f3 Qd1+ 38. Kf2 Qd3 39. Qc3 Qd1 40.
Qxf6 Rd2+ 41. Rxd2 Qxd2+ 42. Kg1 Qxe3+ 0-1

[Event "Madrid ch Veteranos 2021"]
[Site "Madrid ESP"]
[Date "2021.04.14"]
[Round "7.15"]
[White "Garcia Granja, Jose"]
[Black "Martinez Miura, Enrique"]
[Result "0-1"]
[WhiteElo "1041"]
[BlackElo "1547"]
[PlyCount "82"]
[EventDate "2021.04.06"]
[EventType "swiss"]
[EventRounds "7"]
[EventCountry "ESP"]
[SourceTitle "Ajedrez en Madrid"]
[Source "lmi"]
[SourceDate "2021.04.06"]
[SourceVersion "1"]
[SourceVersionDate "2021.04.18"]
[SourceQuality "1"]

1. c4 c6 2. g3 d5 3. cxd5 cxd5 4. d4 Nf6 5. Bg2 e6 6. Nc3 Be7 7. Nf3 O-O 8. O-O
h6 9. a3 Nc6 10. Rb1 Bd7 11. b4 a6 12. Re1 b5 13. e4 dxe4 14. Nxe4 Nd5 15. Rb3
a5 16. bxa5 Nxa5 17. Rd3 Nc4 18. Qb3 Bxa3 19. Ne5 Nxe5 20. dxe5 Bb4 21. Red1
Qa5 22. f4 Rac8 23. Bb2 Qa4 24. Qxa4 bxa4 25. Ra1 Rc2 26. Ba3 Bxa3 27. Raxa3
Rfc8 28. Nd6 Rb8 29. Ra1 Rbb2 30. Bf3 Rxh2 31. Nc4 Ra2 32. Rb1 Rhc2 33. Be4 g6
34. Ne3 Nxe3 35. Rxe3 Re2 36. Rxe2 Rxe2 37. Bf3 Rd2 38. Ra1 Rd3 39. Kf2 a3 40.
Be4 Rc3 41. g4 Bb5 0-1

[Event "Madrid ch Veteranos 2021"]
[Site "Madrid ESP"]
[Date "2021.04.14"]
[Round "7.16"]
[White "Infante Martin, Alonso"]
[Black "Suarez Mencia, Roberto"]
[Result "1-0"]
[WhiteElo "1404"]
[BlackElo "1364"]
[PlyCount "61"]
[EventDate "2021.04.06"]
[EventType "swiss"]
[EventRounds "7"]
[EventCountry "ESP"]
[SourceTitle "Ajedrez en Madrid"]
[Source "lmi"]
[SourceDate "2021.04.06"]
[SourceVersion "1"]
[SourceVersionDate "2021.04.18"]
[SourceQuality "1"]

1. d4 Nf6 2. c4 g6 3. Nc3 Bg7 4. e4 d6 5. f3 e5 6. d5 Nbd7 7. Be3 O-O 8. Bd3 a6
9. Nge2 Nc5 10. Bc2 b6 11. b4 Nb7 12. h3 Bd7 13. Rb1 Rc8 14. a3 Nh5 15. g4 Nf6
16. Qd2 Ne8 17. Ng3 c6 18. h4 f6 19. h5 g5 20. a4 c5 21. b5 a5 22. h6 Bh8 23.
Rh5 Qe7 24. Nf5 Bxf5 25. gxf5 Qf7 26. Qh2 Rc7 27. Kd2 Nd8 28. Rg1 Qe7 29. Bxg5
fxg5 30. Rhxg5+ Kf7 31. Qh5+ 1-0

[Event "Madrid ch Veteranos 2021"]
[Site "Madrid ESP"]
[Date "2021.04.14"]
[Round "7.17"]
[White "Plaza Plaza, Prudencio"]
[Black "Carrillo Castano, Javier"]
[Result "0-1"]
[WhiteElo "1265"]
[BlackElo "1392"]
[PlyCount "64"]
[EventDate "2021.04.06"]
[EventType "swiss"]
[EventRounds "7"]
[EventCountry "ESP"]
[SourceTitle "Ajedrez en Madrid"]
[Source "lmi"]
[SourceDate "2021.04.06"]
[SourceVersion "1"]
[SourceVersionDate "2021.04.18"]
[SourceQuality "1"]

1. d4 d5 2. Bf4 Nf6 3. e3 e6 4. Nf3 Bd6 5. Bxd6 cxd6 6. c4 b6 7. Nc3 O-O 8.
cxd5 Bb7 9. dxe6 fxe6 10. Be2 Qc7 11. Rc1 Nc6 12. O-O a6 13. d5 Ne5 14. Nxe5
dxe5 15. Nb5 Qe7 16. Nc7 Rac8 17. Nxe6 Rxc1 18. Qxc1 Rc8 19. Bc4 Bxd5 20. Nxg7
Kxg7 21. b3 b5 22. e4 Nxe4 23. f3 Qc5+ 24. Kh1 Nf2+ 25. Rxf2 bxc4 26. Rc2 Rc6
27. Qg5+ Kf8 28. Qf5+ Kg8 29. Qg5+ Rg6 30. Qd8+ Kg7 31. Qd7+ Bf7 32. Rxc4 Qf2
0-1

[Event "Madrid ch Veteranos 2021"]
[Site "Madrid ESP"]
[Date "2021.04.15"]
[Round "8.1"]
[White "Cabañas Bravo, Juan Andres"]
[Black "Elissalt Cardenas, Hector"]
[Result "0-1"]
[WhiteElo "1971"]
[BlackElo "2286"]
[PlyCount "74"]
[EventDate "2021.04.06"]
[EventType "swiss"]
[EventRounds "7"]
[EventCountry "ESP"]
[SourceTitle "Ajedrez en Madrid"]
[Source "lmi"]
[SourceDate "2021.04.06"]
[SourceVersion "1"]
[SourceVersionDate "2021.04.18"]
[SourceQuality "1"]

1. e4 d6 2. d4 Nf6 3. Nc3 e5 4. Nge2 c6 5. dxe5 dxe5 6. Qxd8+ Kxd8 7. Bg5 Nbd7
8. O-O-O Kc7 9. f3 b5 10. Rd2 Nb6 11. Ng3 Nfd7 12. Nd1 f6 13. Be3 Nc5 14. Nf2
Be6 15. Kb1 a5 16. Be2 h5 17. h4 Nc4 18. Bxc4 bxc4 19. Bxc5 Bxc5 20. c3 Rad8
21. Rxd8 Rxd8 22. Nd1 Rd2 23. Kc1 Rxg2 24. Nf1 g6 25. Rh2 Rxh2 26. Nxh2 Bh3 27.
f4 Bg2 28. fxe5 fxe5 29. Kd2 Bxe4 30. Ne3 Bd5 31. Ke2 Kd6 32. Nhf1 Ke6 33. Nd2
Bxe3 34. Kxe3 a4 35. b4 cxb3 36. axb3 a3 37. c4 a2 0-1

[Event "Madrid ch Veteranos 2021"]
[Site "Madrid ESP"]
[Date "2021.04.15"]
[Round "8.2"]
[White "Garcia Martin, Esteban"]
[Black "Luque Ibañes, Manuel"]
[Result "1/2-1/2"]
[WhiteElo "1891"]
[BlackElo "1949"]
[PlyCount "20"]
[EventDate "2021.04.06"]
[EventType "swiss"]
[EventRounds "7"]
[EventCountry "ESP"]
[SourceTitle "Ajedrez en Madrid"]
[Source "lmi"]
[SourceDate "2021.04.06"]
[SourceVersion "1"]
[SourceVersionDate "2021.04.18"]
[SourceQuality "1"]

1. d4 d5 2. c4 e6 3. Nf3 Nf6 4. Bg5 Be7 5. e3 c6 6. Bd3 dxc4 7. Bxc4 Nd5 8.
Bxe7 Qxe7 9. O-O O-O 10. Nc3 Nd7 1/2-1/2

[Event "Madrid ch Veteranos 2021"]
[Site "Madrid ESP"]
[Date "2021.04.15"]
[Round "8.3"]
[White "Vukotic Jovsic, Dragan"]
[Black "Pashov, Spas Nikolov"]
[Result "1/2-1/2"]
[WhiteElo "1873"]
[BlackElo "1777"]
[PlyCount "110"]
[EventDate "2021.04.06"]
[EventType "swiss"]
[EventRounds "7"]
[EventCountry "ESP"]
[SourceTitle "Ajedrez en Madrid"]
[Source "lmi"]
[SourceDate "2021.04.06"]
[SourceVersion "1"]
[SourceVersionDate "2021.04.18"]
[SourceQuality "1"]

1. d4 Nf6 2. Nf3 g6 3. Bf4 Bg7 4. e3 d5 5. Be2 c5 6. c3 cxd4 7. exd4 Bg4 8. Qb3
b6 9. Bb5+ Bd7 10. Ne5 e6 11. Nxd7 Nfxd7 12. Nd2 O-O 13. O-O a6 14. Bd3 Nc6 15.
Nf3 Qc8 16. Rfe1 Qb7 17. Ne5 Ncxe5 18. Bxe5 Bxe5 19. dxe5 Qc7 20. f4 Rfc8 21.
Qd1 Nc5 22. Bc2 b5 23. h4 Qe7 24. Qg4 h5 25. Qh3 Kg7 26. Re3 Nd7 27. Rd1 b4 28.
f5 Kh7 29. f6 Qc5 30. Kh2 Nf8 31. Qf3 Kh8 32. Qf4 Nh7 33. Rd4 bxc3 34. bxc3
Rab8 35. Rg3 Rg8 36. Rb4 Rxb4 37. Qxb4 Qxb4 38. cxb4 Rb8 39. Rc3 Nf8 40. a3 Nd7
41. Rc7 Nxe5 42. Kg3 Kg8 43. Kf4 Ng4 44. Kg5 a5 45. bxa5 Ra8 46. Bxg6 fxg6 47.
Kxg6 Nxf6 48. Kxf6 Rxa5 49. Kxe6 Rxa3 50. Kxd5 Rg3 51. Ke6 Rxg2 52. Rc5 Kg7 53.
Rxh5 Kg6 54. Re5 Rh2 55. Rg5+ Kh6 1/2-1/2

[Event "Madrid ch Veteranos 2021"]
[Site "Madrid ESP"]
[Date "2021.04.15"]
[Round "8.4"]
[White "Gonzalez Rivera, Eduardo"]
[Black "Fiz Criado, Fidel"]
[Result "1-0"]
[WhiteElo "2017"]
[BlackElo "1863"]
[PlyCount "47"]
[EventDate "2021.04.06"]
[EventType "swiss"]
[EventRounds "7"]
[EventCountry "ESP"]
[SourceTitle "Ajedrez en Madrid"]
[Source "lmi"]
[SourceDate "2021.04.06"]
[SourceVersion "1"]
[SourceVersionDate "2021.04.18"]
[SourceQuality "1"]

1. e4 e6 2. d4 d5 3. Nd2 Nf6 4. e5 Nfd7 5. f4 c5 6. c3 Nc6 7. Ndf3 cxd4 8. cxd4
Bb4+ 9. Kf2 O-O 10. g3 f6 11. Kg2 Be7 12. Bd3 a6 13. h4 f5 14. Ng5 Nb6 15. Qh5
Bxg5 16. hxg5 Ne7 17. Qxh7+ Kf7 18. g6+ Ke8 19. Qxg7 Kd7 20. Rh7 Rg8 21. Qf6
Qf8 22. Rf7 Qe8 23. Bd2 a5 24. Bb5+ 1-0

[Event "Madrid ch Veteranos 2021"]
[Site "Madrid ESP"]
[Date "2021.04.15"]
[Round "8.5"]
[White "Marin Lopez, Jeronimo"]
[Black "Barahona Torrijos, Angel"]
[Result "1-0"]
[WhiteElo "1899"]
[BlackElo "1817"]
[PlyCount "71"]
[EventDate "2021.04.06"]
[EventType "swiss"]
[EventRounds "7"]
[EventCountry "ESP"]
[SourceTitle "Ajedrez en Madrid"]
[Source "lmi"]
[SourceDate "2021.04.06"]
[SourceVersion "1"]
[SourceVersionDate "2021.04.18"]
[SourceQuality "1"]

1. e4 e5 2. Nf3 Nc6 3. Bc4 Nf6 4. Ng5 d5 5. exd5 b5 6. Be2 Nd4 7. d3 Qxd5 8.
Bf3 Nxf3+ 9. Qxf3 Bb7 10. Nd2 Qxf3 11. Ngxf3 e4 12. dxe4 Nxe4 13. O-O O-O-O 14.
Nb3 g5 15. Ne5 Nd6 16. Be3 f6 17. Nd3 a6 18. a4 Nf5 19. axb5 axb5 20. Ra5 Rd5
21. Bc5 Bxc5 22. Nbxc5 Nd4 23. Rfa1 c6 24. Ra8+ Bxa8 25. Rxa8+ Kc7 26. Rxh8
Nxc2 27. Rxh7+ Kb6 28. Rb7+ Ka5 29. Rd7 Nb4 30. Ra7+ Kb6 31. Rb7+ Ka5 32. Nb3+
Ka6 33. Ndc5+ Rxc5 34. Nxc5+ Ka5 35. Rf7 Nd5 36. Nd7 1-0

[Event "Madrid ch Veteranos 2021"]
[Site "Madrid ESP"]
[Date "2021.04.15"]
[Round "8.6"]
[White "Marin Aso, Jose Luis"]
[Black "De Luna Butz, Alberto"]
[Result "1-0"]
[WhiteElo "1910"]
[BlackElo "1689"]
[PlyCount "61"]
[EventDate "2021.04.06"]
[EventType "swiss"]
[EventRounds "7"]
[EventCountry "ESP"]
[SourceTitle "Ajedrez en Madrid"]
[Source "lmi"]
[SourceDate "2021.04.06"]
[SourceVersion "1"]
[SourceVersionDate "2021.04.18"]
[SourceQuality "1"]

1. e4 e6 2. d4 d5 3. Nd2 dxe4 4. Nxe4 Bd7 5. Bd3 Bc6 6. Nf3 Nd7 7. O-O Ngf6 8.
Neg5 Bxf3 9. Qxf3 c6 10. Re1 Be7 11. Qh3 Nf8 12. c3 Bd6 13. Bd2 Qc7 14. g3 Qd7
15. c4 O-O-O 16. b4 Ng6 17. Bc3 h6 18. Ne4 Nxe4 19. Bxe4 Ne7 20. a4 f5 21. Bh1
Rhe8 22. a5 b5 23. axb6 axb6 24. b5 Kb7 25. bxc6+ Nxc6 26. c5 bxc5 27. Qf1 Kc7
28. dxc5 Bxc5 29. Qb5 Bb6 30. Be5+ Nxe5 31. Rec1+ 1-0

[Event "Madrid ch Veteranos 2021"]
[Site "Madrid ESP"]
[Date "2021.04.15"]
[Round "8.7"]
[White "Garcia Sanz, Eduardo"]
[Black "Fernandez Garcia, Ignacio"]
[Result "0-1"]
[WhiteElo "1777"]
[BlackElo "1801"]
[PlyCount "102"]
[EventDate "2021.04.06"]
[EventType "swiss"]
[EventRounds "7"]
[EventCountry "ESP"]
[SourceTitle "Ajedrez en Madrid"]
[Source "lmi"]
[SourceDate "2021.04.06"]
[SourceVersion "1"]
[SourceVersionDate "2021.04.18"]
[SourceQuality "1"]

1. c4 e5 2. d3 f5 3. Nf3 d6 4. Nc3 Nf6 5. g3 Be7 6. Bg2 O-O 7. O-O c6 8. Qb3
Kh8 9. e3 Nbd7 10. d4 Nh5 11. c5 dxc5 12. dxe5 Qc7 13. e4 fxe4 14. Nxe4 Nxe5
15. Nxe5 Qxe5 16. f4 Qc7 17. Be3 b6 18. Rad1 Bg4 19. Rd2 Rad8 20. Rff2 h6 21.
h3 Bf5 22. Qd1 Bxe4 23. Qxh5 Bxg2 24. Kxg2 Bf6 25. f5 Bd4 26. Bf4 Qf7 27. Qxf7
Rxf7 28. Be5 Rd5 29. Bxd4 cxd4 30. g4 c5 31. Rfe2 Rfd7 32. Kf3 Kg8 33. Re6 Kf7
34. Ke4 d3 35. b3 b5 36. Rc6 Rd4+ 37. Kf3 c4 38. Ke3 R4d6 39. Rc5 Rd5 40. Rc6
Re7+ 41. Kf2 Rd4 42. bxc4 bxc4 43. Kf3 Rde4 44. a4 Re3+ 45. Kf2 Rxh3 46. Kg2
Rhe3 47. Kf2 R3e4 48. a5 Rxg4 49. Kf3 Rge4 50. f6 gxf6 51. a6 h5 0-1

[Event "Madrid ch Veteranos 2021"]
[Site "Madrid ESP"]
[Date "2021.04.15"]
[Round "8.9"]
[White "Martin Garcia, Luis I"]
[Black "Ramos Antona, Enrique"]
[Result "1-0"]
[WhiteElo "1831"]
[BlackElo "1471"]
[PlyCount "81"]
[EventDate "2021.04.06"]
[EventType "swiss"]
[EventRounds "7"]
[EventCountry "ESP"]
[SourceTitle "Ajedrez en Madrid"]
[Source "lmi"]
[SourceDate "2021.04.06"]
[SourceVersion "1"]
[SourceVersionDate "2021.04.18"]
[SourceQuality "1"]

1. e4 c6 2. Nc3 d6 3. d4 Nf6 4. Be3 Bg4 5. f3 Bh5 6. Qd2 d5 7. g4 Bg6 8. g5 Nh5
9. exd5 cxd5 10. Bd3 e6 11. O-O-O Bb4 12. Nge2 Nc6 13. Ng3 Nxg3 14. hxg3 Qa5
15. Bxg6 Bxc3 16. Bxf7+ Kxf7 17. Qxc3 Qxa2 18. Rh4 Qa1+ 19. Kd2 Qa5 20. Rdh1
Qxc3+ 21. Kxc3 Kg6 22. Kd2 b5 23. f4 Ne7 24. g4 a5 25. Rf1 Rhf8 26. Kd3 h6 27.
gxh6 gxh6 28. f5+ exf5 29. Rxh6+ Kg7 30. Rh5 Ra6 31. gxf5 Kf7 32. f6 Rxf6 33.
Rxf6+ Kxf6 34. Bg5+ Ke6 35. Bxe7 Kxe7 36. Rxd5 Rb8 37. b3 Ke6 38. Rc5 Kd6 39.
Rh5 Rb7 40. Rh6+ Kd5 41. c4+ 1-0

[Event "Madrid ch Veteranos 2021"]
[Site "Madrid ESP"]
[Date "2021.04.15"]
[Round "8.10"]
[White "Salgado Duarte, Pablo"]
[Black "Perez Pascual, Arturo"]
[Result "1/2-1/2"]
[WhiteElo "1472"]
[BlackElo "1742"]
[PlyCount "134"]
[EventDate "2021.04.06"]
[EventType "swiss"]
[EventRounds "7"]
[EventCountry "ESP"]
[SourceTitle "Ajedrez en Madrid"]
[Source "lmi"]
[SourceDate "2021.04.06"]
[SourceVersion "1"]
[SourceVersionDate "2021.04.18"]
[SourceQuality "1"]

1. d4 d5 2. c4 c6 3. Nc3 Nf6 4. Nf3 Bf5 5. cxd5 Nxd5 6. e3 e6 7. a3 Nd7 8. Be2
Bd6 9. h3 O-O 10. O-O Qf6 11. Bd3 Nxc3 12. bxc3 e5 13. Bxf5 Qxf5 14. dxe5 Bxe5
15. Nd4 Qf6 16. Rb1 Nb6 17. a4 c5 18. Ne2 Rfd8 19. Qb3 Rd7 20. Ba3 Qc6 21. a5
Na4 22. Rfd1 Rad8 23. Rxd7 Rxd7 24. Qc2 g6 25. g3 b5 26. axb6 axb6 27. Bb2 b5
28. Ba1 Nb6 29. Qb3 Nc4 30. Qxb5 Qxb5 31. Rxb5 Rd1+ 32. Kg2 Rxa1 33. Rxc5 Ra4
34. Nd4 Bf6 35. Nb5 Kg7 36. Nd4 Nd6 37. Rc6 Ne4 38. h4 Ra2 39. Kf3 Nxf2 40. c4
Nd3 41. Ke4 Ne5 42. Rc7 Ra6 43. c5 Nc4 44. Kd3 Nb2+ 45. Ke4 Bd8 46. Rd7 Bf6 47.
Rb7 Na4 48. Kd5 Nc3+ 49. Kc4 Ne4 50. Nb5 Nxg3 51. Nd6 Be5 52. Nxf7 Kf6 53. Nd8
Nf5 54. Rxh7 Nxe3+ 55. Kb5 Bc7 56. Rxc7 Ra8 57. Nb7 Nd5 58. Rc6+ Kf7 59. Nd6+
Ke7 60. Ne4 Rb8+ 61. Kc4 Ne3+ 62. Kd3 Nf5 63. Rxg6 Nxh4 64. Rb6 Rxb6 65. cxb6
Kd7 66. b7 Kc7 67. Nc5 Nf5 1/2-1/2

[Event "Madrid ch Veteranos 2021"]
[Site "Madrid ESP"]
[Date "2021.04.15"]
[Round "8.11"]
[White "Peñas Merino, Ramona"]
[Black "Martinez Martinez, Javier II"]
[Result "1-0"]
[WhiteElo "1434"]
[BlackElo "1585"]
[PlyCount "131"]
[EventDate "2021.04.06"]
[EventType "swiss"]
[EventRounds "7"]
[EventCountry "ESP"]
[SourceTitle "Ajedrez en Madrid"]
[Source "lmi"]
[SourceDate "2021.04.06"]
[SourceVersion "1"]
[SourceVersionDate "2021.04.18"]
[SourceQuality "1"]

1. d4 Nf6 2. Nf3 g6 3. Bf4 Bg7 4. e3 O-O 5. Be2 c5 6. c3 cxd4 7. exd4 d6 8. h3
Nc6 9. Nbd2 Re8 10. O-O Nd5 11. Bh2 e5 12. dxe5 dxe5 13. Bc4 e4 14. Nxe4 Be6
15. Bxd5 Bxd5 16. Nd6 Bxf3 17. Qxf3 Re7 18. Rad1 Qb6 19. b3 Be5 20. Nc4 Bxh2+
21. Kxh2 Qc7+ 22. Kg1 Re6 23. Ne3 Ne5 24. Qd5 Rae8 25. c4 Nc6 26. Qd7 Qxd7 27.
Rxd7 R8e7 28. Rxe7 Rxe7 29. Nd5 Re6 30. Rd1 Kg7 31. Kf1 a5 32. a4 Rd6 33. Re1
Re6 34. Rb1 Nd4 35. b4 axb4 36. Rxb4 Nc2 37. Rb1 Na3 38. Rxb7 Nxc4 39. f3 Ra6
40. Rb4 Na3 41. Nc7 Rc6 42. Nb5 Rc1+ 43. Kf2 Rc2+ 44. Kg3 Nc4 45. Nd4 Rc3 46.
Nb3 h5 47. h4 Ne5 48. Rb5 f6 49. Nc5 Rc4 50. a5 f5 51. Rb7+ Kf6 52. Rb6+ Kg7
53. Ne6+ Kh6 54. Ra6 Ra4 55. Ra8 Nf7 56. a6 g5 57. hxg5+ Nxg5 58. Nxg5 Kxg5 59.
a7 h4+ 60. Kh3 Kf4 61. Kxh4 Ra1 62. Kh5 Rh1+ 63. Kg6 Rg1 64. Kf6 Rxg2 65. Re8
Rg6+ 66. Kxg6 1-0

[Event "Madrid ch Veteranos 2021"]
[Site "Madrid ESP"]
[Date "2021.04.15"]
[Round "8.12"]
[White "Ghavami, Mahmoud"]
[Black "Menendez Domens, Juan Manuel"]
[Result "1-0"]
[WhiteElo "1552"]
[BlackElo "1467"]
[PlyCount "79"]
[EventDate "2021.04.06"]
[EventType "swiss"]
[EventRounds "7"]
[EventCountry "ESP"]
[SourceTitle "Ajedrez en Madrid"]
[Source "lmi"]
[SourceDate "2021.04.06"]
[SourceVersion "1"]
[SourceVersionDate "2021.04.18"]
[SourceQuality "1"]

1. c4 c5 2. Nc3 b6 3. e4 e5 4. g3 Bb7 5. Bg2 Nf6 6. d3 Nc6 7. Nge2 Be7 8. O-O
O-O 9. f4 d6 10. h3 Nd4 11. f5 h6 12. g4 g5 13. fxg6 fxg6 14. Bxh6 Rf7 15. Qd2
Rh7 16. Rf2 Qd7 17. Bg5 Kg7 18. Raf1 Rf8 19. Nxd4 exd4 20. Ne2 Rhh8 21. Ng3 Qe6
22. b4 cxb4 23. Qxb4 Qe5 24. Bf4 Qe6 25. Qb2 Nxg4 26. hxg4 Qxg4 27. Ne2 Rh3 28.
Rf3 Rfh8 29. Rxh3 Rxh3 30. Qxd4+ Bf6 31. Qxd6 Rh7 32. Be5 Bxe5 33. Qxe5+ Kg8
34. Qe8+ Kg7 35. Rf7+ Kh6 36. Qf8+ Kg5 37. Rxh7 Qxe2 38. Qe7+ Kg4 39. Rh4+ Kg3
40. Qg5+ 1-0

[Event "Madrid ch Veteranos 2021"]
[Site "Madrid ESP"]
[Date "2021.04.15"]
[Round "8.15"]
[White "Carrillo Castano, Javier"]
[Black "Infante Martin, Alonso"]
[Result "0-1"]
[WhiteElo "1392"]
[BlackElo "1404"]
[PlyCount "74"]
[EventDate "2021.04.06"]
[EventType "swiss"]
[EventRounds "7"]
[EventCountry "ESP"]
[SourceTitle "Ajedrez en Madrid"]
[Source "lmi"]
[SourceDate "2021.04.06"]
[SourceVersion "1"]
[SourceVersionDate "2021.04.18"]
[SourceQuality "1"]

1. e4 e5 2. Nf3 Nc6 3. Bb5 a6 4. Ba4 Nf6 5. O-O b5 6. Bb3 Be7 7. Re1 d6 8. c3
Na5 9. Bc2 c5 10. h3 O-O 11. d4 Qc7 12. Nbd2 Nc6 13. d5 Nb8 14. b3 Nbd7 15. c4
Nb6 16. Qe2 Bd7 17. Bd3 b4 18. Nf1 g6 19. Bh6 Rfe8 20. N1h2 Bf8 21. Qd2 Qc8 22.
Bf1 Bg7 23. Bxg7 Kxg7 24. g4 Rh8 25. Qg5 h6 26. Qh4 Qd8 27. Be2 Nc8 28. Kh1 Ne7
29. Qg3 Nxe4 30. Qg2 Ng8 31. Bd3 Ng5 32. h4 Nxf3 33. Nxf3 Nf6 34. g5 hxg5 35.
Nxg5 Rxh4+ 36. Nh3 Rxh3+ 37. Kg1 Rxd3 0-1

[Event "Madrid ch Veteranos 2021"]
[Site "Madrid ESP"]
[Date "2021.04.15"]
[Round "8.16"]
[White "Suarez Mencia, Roberto"]
[Black "Millan Tabuenca, Agustin"]
[Result "0-1"]
[WhiteElo "1364"]
[BlackElo "1136"]
[PlyCount "76"]
[EventDate "2021.04.06"]
[EventType "swiss"]
[EventRounds "7"]
[EventCountry "ESP"]
[SourceTitle "Ajedrez en Madrid"]
[Source "lmi"]
[SourceDate "2021.04.06"]
[SourceVersion "1"]
[SourceVersionDate "2021.04.18"]
[SourceQuality "1"]

1. c4 Nf6 2. g3 g6 3. Bg2 Bg7 4. e3 d6 5. d4 c6 6. Ne2 Bf5 7. Nbc3 Qd7 8. e4
Bh3 9. O-O Na6 10. Nf4 Bxg2 11. Nxg2 O-O-O 12. Be3 Ng4 13. f3 Nxe3 14. Nxe3 Nc7
15. Rf2 Ne6 16. Ne2 Ng5 17. Nf4 f6 18. h4 e5 19. hxg5 exf4 20. gxf4 fxg5 21. f5
gxf5 22. Nxf5 Bf6 23. Kf1 h5 24. Ke2 g4 25. Qa4 gxf3+ 26. Rxf3 Kb8 27. Rg1 Rh7
28. Ra3 b6 29. Nxd6 Bxd4 30. Rg6 Bc5 31. Rd3 h4 32. Qd1 h3 33. Qh1 h2 34. e5
Qe7 35. Kd2 Qxe5 36. Kc2 Rxd6 37. Rdxd6 Bxd6 38. Qxc6 Qf5+ 0-1

[Event "Madrid ch Veteranos 2021"]
[Site "Madrid ESP"]
[Date "2021.04.15"]
[Round "8.17"]
[White "Garcia Granja, Jose"]
[Black "Plaza Plaza, Prudencio"]
[Result "1/2-1/2"]
[WhiteElo "1041"]
[BlackElo "1265"]
[PlyCount "57"]
[EventDate "2021.04.06"]
[EventType "swiss"]
[EventRounds "7"]
[EventCountry "ESP"]
[SourceTitle "Ajedrez en Madrid"]
[Source "lmi"]
[SourceDate "2021.04.06"]
[SourceVersion "1"]
[SourceVersionDate "2021.04.18"]
[SourceQuality "1"]

1. c4 Nf6 2. g3 e6 3. Bg2 d5 4. Nf3 c5 5. d4 Nc6 6. cxd5 Nxd5 7. O-O cxd4 8.
Nxd4 Nxd4 9. Qxd4 Nf6 10. Qxd8+ Kxd8 11. Rd1+ Nd7 12. Bf4 Bc5 13. Nc3 Bb6 14.
Rd2 Bc7 15. Rad1 Bxf4 16. gxf4 Rb8 17. Nb5 Ke7 18. Nxa7 Nf6 19. Nxc8+ Rhxc8 20.
e4 Rc7 21. e5 Nd7 22. h4 h5 23. Bf1 b5 24. Kg2 b4 25. Kf3 g6 26. b3 Nb6 27. Rd4
Nd5 28. Bc4 Nc3 29. R4d2 1/2-1/2

[Event "Madrid ch Veteranos 2021"]
[Site "Madrid ESP"]
[Date "2021.04.16"]
[Round "9.2"]
[White "Garcia Martin, Esteban"]
[Black "Gonzalez Rivera, Eduardo"]
[Result "0-1"]
[WhiteElo "1891"]
[BlackElo "2017"]
[PlyCount "100"]
[EventDate "2021.04.06"]
[EventType "swiss"]
[EventRounds "7"]
[EventCountry "ESP"]
[SourceTitle "Ajedrez en Madrid"]
[Source "lmi"]
[SourceDate "2021.04.06"]
[SourceVersion "1"]
[SourceVersionDate "2021.04.18"]
[SourceQuality "1"]

1. c4 e5 2. Nc3 Nf6 3. g3 d5 4. cxd5 Nxd5 5. Bg2 Nb6 6. Nf3 Nc6 7. O-O Be6 8.
d3 Be7 9. Be3 Qd7 10. Ne4 Bh3 11. Nc5 Bxc5 12. Bxc5 h5 13. Bxh3 Qxh3 14. Ng5
Qf5 15. h4 f6 16. e4 Qd7 17. Nf3 O-O-O 18. d4 exd4 19. a4 Nc4 20. Qb3 N4e5 21.
Kg2 Nxf3 22. Qxf3 b6 23. Ba3 Ne5 24. Qb3 g5 25. Rh1 Qc6 26. Rae1 g4 27. Qb5
Qxb5 28. axb5 Rd7 29. Ra1 d3 30. Rhd1 Kb7 31. Bb4 Nf3 32. Ra3 d2 33. Bc3 Rd6
34. Ra4 Re8 35. Kf1 Rde6 36. Rb4 Rxe4 37. Rxe4 Rxe4 38. Bxd2 Rd4 39. Ke2 Rxd2+
40. Rxd2 Nxd2 41. Kxd2 c6 42. bxc6+ Kxc6 43. Kc3 a5 44. Kd4 b5 45. Ke4 a4 46.
f4 b4 47. Kd4 a3 48. bxa3 bxa3 49. Kc3 Kd5 50. Kb3 Ke4 0-1

[Event "Madrid ch Veteranos 2021"]
[Site "Madrid ESP"]
[Date "2021.04.16"]
[Round "9.3"]
[White "Vukotic Jovsic, Dragan"]
[Black "Cabanas Bravo, Juan Andres"]
[Result "1/2-1/2"]
[WhiteElo "1873"]
[BlackElo "1971"]
[PlyCount "151"]
[EventDate "2021.04.06"]
[EventType "swiss"]
[EventRounds "7"]
[EventCountry "ESP"]
[SourceTitle "Ajedrez en Madrid"]
[Source "lmi"]
[SourceDate "2021.04.06"]
[SourceVersion "1"]
[SourceVersionDate "2021.04.18"]
[SourceQuality "1"]

1. Nf3 Nf6 2. d4 c5 3. c3 g6 4. dxc5 Bg7 5. b4 a5 6. Bb2 b6 7. cxb6 Qxb6 8. Qd4
Qb7 9. e3 Nc6 10. Qd2 axb4 11. Bd3 O-O 12. O-O d6 13. Nd4 Ne5 14. Bb5 Ne4 15.
Qe2 bxc3 16. Nxc3 Bg4 17. f3 Nxc3 18. Bxc3 Bd7 19. a4 Rfc8 20. Qb2 Bxb5 21.
axb5 Bh6 22. f4 Nc4 23. Qe2 Rxa1 24. Bxa1 Qe4 25. Rc1 d5 26. Qf3 Qxf3 27. Nxf3
Rb8 28. Nd4 Kf8 29. Kf2 Bg7 30. Rb1 Nd2 31. Rb4 Ne4+ 32. Ke2 Nd6 33. Nc6 Rb7
34. Bxg7+ Kxg7 35. Kd3 Kf6 36. g4 h6 37. h4 g5 38. fxg5+ hxg5 39. h5 e5 40. h6
Nxb5 41. Nxe5 Kxe5 42. h7 Rb8 43. Rxb5 Rh8 44. e4 Rxh7 45. Rxd5+ Kf6 46. Rf5+
Kg6 47. Ke3 Rh1 48. Rf2 Rh3+ 49. Ke2 Rg3 50. Rh2 Rxg4 51. Kf3 Rf4+ 52. Ke3 Kf6
53. Ra2 Rf1 54. Ra6+ Kg7 55. e5 Re1+ 56. Kd4 g4 57. Kd5 Re3 58. Ra4 g3 59. Rg4+
Kf8 60. Kd4 Ra3 61. Kd5 Ke7 62. Rg7 Re3 63. Kd4 Rb3 64. Ke4 Ke6 65. Kf4 Ra3 66.
Rg5 Ra5 67. Rxg3 Rxe5 68. Rg8 Rf5+ 69. Ke4 Rf1 70. Re8+ Kd7 71. Ra8 f5+ 72. Ke5
f4 73. Ke4 Ke7 74. Ra5 Ke6 75. Re5+ Kd6 76. Rf5 1/2-1/2